000 00263nam a22001097a 4500
082 _a823/GIB
100 _aKhullar Rajeev
_978383
245 _aKahlil Gibran Selected Short Stories
260 _aDelhi
_bAtish Pra
_c2019
650 _aStories
_980098
942 _cBK
999 _c63576
_d63576